|
|
|
|
| LEADER |
00000nam0a2200000 4500 |
| 001 |
68235 |
| 005 |
20231031074655.0 |
| 035 |
|
|
|a (RuTPU)RU\TPU\book\72652
|
| 090 |
|
|
|a 68235
|
| 100 |
|
|
|a 20041004d1961 k y0rusy50 ca
|
| 101 |
0 |
|
|a rus
|
| 102 |
|
|
|a RU
|
| 105 |
|
|
|a a z 001zy
|
| 200 |
1 |
|
|a Метод статистических испытаний (Монте-Карло) и его реализация на цифровых вычислительных машинах
|f Н. П. Бусленко, Ю. А. Шрейдер
|
| 210 |
|
|
|a Москва
|c Физматгиз
|d 1961
|
| 215 |
|
|
|a 226 с.
|c ил.
|
| 225 |
1 |
|
|a Библиотека прикладного анализа и вычислительной математики
|
| 320 |
|
|
|a Библиогр.: с. 224-226.
|
| 610 |
1 |
|
|a метод Монте-Карло
|
| 610 |
1 |
|
|a физика
|
| 610 |
1 |
|
|a математика
|
| 610 |
1 |
|
|a вычислительная техника
|
| 610 |
1 |
|
|a алгоритмы
|
| 675 |
|
|
|a 519.245
|v 3
|
| 675 |
|
|
|a 519.68
|v 3
|
| 700 |
|
1 |
|a Бусленко
|b Н. П.
|g Николай Пантелеймонович
|
| 701 |
|
1 |
|a Шрейдер
|b Ю. А.
|g Юлий Анатольевич
|
| 801 |
|
1 |
|a RU
|b 63413507
|c 20041004
|g PSBO
|
| 801 |
|
2 |
|a RU
|b 63413507
|c 20210601
|g PSBO
|
| 942 |
|
|
|c BK
|